| 000 | 00000nam##2200000za#4500 |
| 001 | 9.695953 |
| 003 | CaOODSP |
| 005 | 20210624234819 |
| 007 | cr ||||||||||| |
| 008 | 150407|1995||||xxc|||||o f|0| 0 eng|d |
| 040 | |aCaOODSP|beng |
| 043 | |an-cn--- |
| 086 | 1 |aSN3-61/1994-1E-PDF |
| 110 | 1 |aCanada.|bNational Library of Canada. |
| 245 | 10|aClass FC : |h[electronic resource]|ba classification for Canadian history, second edition. Additions and changes, #1 |
| 250 | |aSecond edition |
| 260 | |aOttawa - Ontario : |bNational Library of Canada |c1995. |
| 300 | |a4p. |
| 500 | |a"The second edition... is a revision and expansion of the first edition of the schedule which appeared in 1976. This schedule has replaced many LC-like classification schemes used by Canadian libraries to classify Canadian history."--Preface to the second edition. |
| 520 | 3 |aThe second edition... is a revision and expansion of the first edition of the schedule which appeared in 1976. This schedule has replaced many LC-like classification schemes used by Canadian libraries to classify Canadian history.--Preface to the second edition |
| 590 | |a12-17-Supp|b2012-04-20 |
| 775 | 08|tClasse FC : |w(CaOODSP)9.640074 |
| 856 | 40|ahttp://publications.gc.ca|qPDF|s25 KB|uhttps://publications.gc.ca/collections/Collection/SN3-61-1994-1E.pdf |